000 00407nam a2200133Ia 4500
008 220214s9999 xx 000 0 und d
245 0 _aRUBBER AND PLASTICS DIGEST
260 _bRubber and Plastics Digest, New Delhi
_aIndia
310 _aQ
500 _aEnding Volume & Year: 17, 1982
500 _aMissing Volume: 9(4);11(1,4);13(1,3);16(1);17(3)
500 _aStarting Volume & Year: 7, 1972
942 _cBJ
999 _c3470
_d3470